000 01433nam0a2200373 4500
001 RU\NLR\bibl\80229
005 20250616103721.0
010 _a5-8459-0019-0
_94000
021 _aRU
_b1999-45677
_92254
035 _a(NLR Aleph) 000078328
090 _a435081
_c435081
100 _a20000412d1999 |||y0rusy50 ca
101 1 _arus
_ceng
102 _aRU
105 _aa |||||||||
200 1 _aВведение в системы баз данных
_e[Учеб. пособие
_eПер. с англ.]
_fК. Дейт
205 _a6-е изд.
210 _aМ. и др.
_cВильямс
_d1999
215 _a846 с.
_cил.
_d24
225 1 _aСерия "Системное программирование"
300 _aЗагл. и авт. ориг.: An Introduction to database systems / C.J. Date
320 _aБиблиогр. в конце разд.
320 _aПредм. указ.: с. 821-831
320 _aДр. произведения авт. на с. 7
454 0 _12001#$aAn Introduction to database systems$fC.J. Date
_tAn Introduction to database systems
606 0 _aБазы данных
_jРуководства, пособия и т.п.
_91109468
_3RU\NLR\auth\66118319
686 _aЗ973.233-018.2я7
700 1 _aДейт
_bК. Дж.
_4070
801 0 _aRU
_bNLR
_c20000412
_gPSBO
801 1 _aRU
_bNLR
_c20000412
852 _aNLR
_j2000-7/158
942 _cBOOK
980 _aNB